[Event "Campeonato España Sub 14"]
[Site "Salobreña"]
[Date "2017.07.22"]
[Round "9"]
[White "Gargallo Catalan, Oscar"]
[Black "Duller Llopis, Jouke"]
[Result "1-0"]
[Board "22"]
[WhiteClock "1:30"]
[WhiteElo "1810"]
[WhiteCountry "ESP"]
[WhiteFideId "24528390"]
[WhiteEloChange "5"]
[BlackClock "1:30"]
[BlackElo "1631"]
[BlackCountry "ESP"]
[BlackFideId "32048998"]
[BlackEloChange "-5"]

1. d4 {[%clk 1:30:00]} d5 {[%clk 1:30:00]} 2. c4 {[%clk 1:31:00]} e6 {[%clk
1:31:00]} 3. Nf3 {[%clk 1:31:00]} c6 {[%clk 1:31:00]} 4. g3 {[%clk 1:31:00]} Nf6
{[%clk 1:31:00]} 5. Bg2 {[%clk 1:31:00]} Bd6 {[%clk 1:31:00]} 6. Nc3 {[%clk
1:31:00]} O-O {[%clk 1:31:00]} 7. O-O {[%clk 1:31:00]} Nbd7 {[%clk 1:31:00]} 8.
Re1 {[%clk 1:30:00]} dxc4 {[%clk 1:24:00]} 9. e4 {[%clk 1:23:00]} e5 {[%clk
1:24:00]} 10. d5 {[%clk 1:23:00]} cxd5 {[%clk 1:24:00]} 11. exd5 {[%clk 1:23:00]}
Re8 {[%clk 1:23:00]} 12. Ng5 {[%clk 1:19:00]} Nc5 {[%clk 1:17:00]} 13. b3 {[%clk
1:11:00]} cxb3 {[%clk 1:05:00]} 14. axb3 {[%clk 1:11:00]} Bf5 {[%clk 1:05:00]}
15. Nge4 {[%clk 1:11:00]} Ncxe4 {[%clk 1:03:00]} 16. Nxe4 {[%clk 1:10:00]} Bb4
{[%clk 1:00:00]} 17. Nxf6+ {[%clk 1:09:00]} Qxf6 {[%clk 0:58:00]} 18. Bd2 {[%clk
1:09:00]} Bxd2 {[%clk 0:53:00]} 19. Qxd2 {[%clk 1:09:00]} Qd6 {[%clk 0:53:00]}
20. Rec1 {[%clk 0:59:00]} a6 {[%clk 0:45:00]} 21. Ra4 {[%clk 0:58:00]} Rac8
{[%clk 0:43:00]} 22. Rac4 {[%clk 0:57:00]} Bd7 {[%clk 0:40:00]} 23. Qa5 {[%clk
0:54:00]} b6 {[%clk 0:33:00]} 24. Qxa6 {[%clk 0:53:00]} Qb8 {[%clk 0:24:00]} 25.
Qa3 {[%clk 0:48:00]} Bb5 {[%clk 0:20:00]} 26. Rxc8 {[%clk 0:40:00]} Rxc8 {[%clk
0:19:55]} 27. Re1 {[%clk 0:41:00]} Rd8 {[%clk 0:15:45]} 28. Qe7 {[%clk 0:38:00]}
f6 {[%clk 0:10:54]} 29. Bh3 {[%clk 0:37:00]} Qd6 {[%clk 0:10:18]} 30. Be6+ {[%clk
0:37:00]} Kh8 {[%clk 0:10:29]} 31. Qf7 {[%clk 0:36:00]} Bd7 {[%clk 0:09:50]} 32.
Ra1 {[%clk 0:34:00]} h6 {[%clk 0:01:24]} 33. Ra7 {[%clk 0:34:00]} Qb4 {[%clk
0:00:56]} 34. Rxd7 {[%clk 0:34:00]} Qe1+ {[%clk 0:00:29]} 35. Kg2 {[%clk
0:34:00]} Qe4+ {[%clk 0:00:33]} 36. Kh3 {[%clk 0:35:00]} Qh4+ {[%clk 0:00:33]}
1-0

[Event "Campeonato España Sub 14"]
[Site "Salobreña"]
[Date "2017.07.22"]
[Round "9"]
[White "Serrera Sanchez-Romo, Sergio"]
[Black "Clemente Chen, Alfredo"]
[Result "1/2-1/2"]
[Board "23"]
[WhiteClock "1:30"]
[WhiteElo "1679"]
[WhiteCountry "ESP"]
[WhiteFideId "24527220"]
[WhiteEloChange "4"]
[BlackClock "1:30"]
[BlackElo "1809"]
[BlackCountry "ESP"]
[BlackFideId "32066023"]
[BlackEloChange "-4"]

1. g3 {[%clk 1:30:00]} e5 {[%clk 1:30:00]} 2. c4 {[%clk 1:30:00]} c5 {[%clk
1:29:00]} 3. Bg2 {[%clk 1:30:00]} g6 {[%clk 1:30:00]} 4. Nc3 {[%clk 1:30:00]} Bg7
{[%clk 1:30:00]} 5. e3 {[%clk 1:29:00]} Ne7 {[%clk 1:30:00]} 6. Nge2 {[%clk
1:29:00]} Nbc6 {[%clk 1:30:00]} 7. O-O {[%clk 1:28:00]} O-O {[%clk 1:31:00]} 8.
a3 {[%clk 1:28:00]} d6 {[%clk 1:23:00]} 9. Rb1 {[%clk 1:23:00]} Be6 {[%clk
1:11:00]} 10. Nd5 {[%clk 1:19:00]} f5 {[%clk 1:07:00]} 11. d3 {[%clk 1:17:00]} g5
{[%clk 0:46:00]} 12. b4 {[%clk 1:09:00]} Qd7 {[%clk 0:44:00]} 13. b5 {[%clk
0:59:00]} Nd8 {[%clk 0:41:00]} 14. f4 {[%clk 0:42:00]} exf4 {[%clk 0:25:00]} 15.
Nxe7+ {[%clk 0:36:00]} Qxe7 {[%clk 0:25:00]} 16. exf4 {[%clk 0:34:00]} g4 {[%clk
0:23:00]} 17. Bb2 {[%clk 0:32:00]} Rb8 {[%clk 0:17:11]} 18. Kh1 {[%clk 0:26:00]}
b6 {[%clk 0:14:45]} 19. Nc3 {[%clk 0:24:00]} Bxc3 {[%clk 0:13:48]} 20. Bxc3
{[%clk 0:24:00]} Qf7 {[%clk 0:11:03]} 21. Qe2 {[%clk 0:21:00]} Re8 {[%clk
0:09:46]} 22. Rfe1 {[%clk 0:18:42]} Bd7 {[%clk 0:06:23]} 23. Qf2 {[%clk 0:11:58]}
Ne6 {[%clk 0:05:45]} 24. Bd5 {[%clk 0:11:38]} Bc8 {[%clk 0:05:30]} 25. Qg2 {[%clk
0:09:13]} Bb7 {[%clk 0:05:34]} 26. Kg1 {[%clk 0:05:25]} Bxd5 {[%clk 0:05:42]} 27.
Qxd5 {[%clk 0:05:08]} Nc7 {[%clk 0:06:06]} 28. Rxe8+ {[%clk 0:04:03]} Rxe8 {[%clk
0:06:00]} 29. Qxf7+ {[%clk 0:03:47]} Kxf7 {[%clk 0:06:25]} 30. Kf2 {[%clk
0:03:03]} h5 {[%clk 0:05:45]} 31. Rd1 {[%clk 0:02:53]} Ne6 {[%clk 0:04:49]} 32.
Re1 {[%clk 0:02:14]} Nd4 {[%clk 0:03:56]} 33. Rxe8 {[%clk 0:01:51]} Kxe8 {[%clk
0:04:20]} 34. Bxd4 {[%clk 0:02:43]} cxd4 {[%clk 0:04:39]} 35. Ke2 {[%clk
0:02:29]} Kd7 {[%clk 0:05:01]} 36. Kd2 {[%clk 0:01:23]} Ke6 {[%clk 0:05:23]} 37.
Kc2 {[%clk 0:01:21]} Ke7 {[%clk 0:05:47]} 38. Kb3 {[%clk 0:01:49]} Ke6 {[%clk
0:06:04]} 39. Kb4 {[%clk 0:01:43]} Kd7 {[%clk 0:06:04]} 1/2-1/2

[Event "Campeonato España Sub 14"]
[Site "Salobreña"]
[Date "2017.07.22"]
[Round "9"]
[White "Dominguez Laguna, Eduard"]
[Black "Hernandez Guerra, Luna Yue"]
[Result "1/2-1/2"]
[Board "24"]
[WhiteClock "1:30"]
[WhiteElo "1807"]
[WhiteCountry "ESP"]
[WhiteFideId "24591742"]
[WhiteEloChange "-7"]
[BlackClock "1:30"]
[BlackElo "1522"]
[BlackCountry "ESP"]
[BlackFideId "32089910"]
[BlackEloChange "7"]

1. e4 {[%clk 1:30:00]} e6 {[%clk 1:30:00]} 2. d4 {[%clk 1:31:00]} d5 {[%clk
1:31:00]} 3. Nc3 {[%clk 1:31:00]} Bb4 {[%clk 1:31:00]} 4. Ne2 {[%clk 1:31:00]}
Ne7 {[%clk 1:30:00]} 5. a3 {[%clk 1:30:00]} Bxc3+ {[%clk 1:29:00]} 6. Nxc3 {[%clk
1:31:00]} Nbc6 {[%clk 1:27:00]} 7. e5 {[%clk 1:27:00]} Nf5 {[%clk 1:26:00]} 8.
Bb5 {[%clk 1:25:00]} O-O {[%clk 1:20:00]} 9. Bxc6 {[%clk 1:20:00]} bxc6 {[%clk
1:20:00]} 10. O-O {[%clk 1:18:00]} Bb7 {[%clk 1:13:00]} 11. Na4 {[%clk 1:15:00]}
f6 {[%clk 1:07:00]} 12. Nc5 {[%clk 1:06:00]} Bc8 {[%clk 1:07:00]} 13. Re1 {[%clk
1:04:00]} fxe5 {[%clk 1:05:00]} 14. Rxe5 {[%clk 0:59:00]} Qh4 {[%clk 1:03:00]}
15. c3 {[%clk 0:51:00]} Nd6 {[%clk 0:54:00]} 16. Qe2 {[%clk 0:46:00]} Qf6 {[%clk
0:52:00]} 17. Nxe6 {[%clk 0:40:00]} Bxe6 {[%clk 0:51:00]} 18. Rxe6 {[%clk
0:40:00]} Rfe8 {[%clk 0:51:00]} 19. Rxe8+ {[%clk 0:35:00]} Rxe8 {[%clk 0:51:00]}
20. Qd1 {[%clk 0:32:00]} Qe6 {[%clk 0:45:00]} 21. Bd2 {[%clk 0:20:00]} Qe2 {[%clk
0:42:00]} 22. b3 {[%clk 0:19:06]} Qd3 {[%clk 0:39:00]} 23. Be1 {[%clk 0:15:33]}
Qxd1 {[%clk 0:36:00]} 24. Rxd1 {[%clk 0:16:02]} Re2 {[%clk 0:36:00]} 25. a4
{[%clk 0:13:01]} a5 {[%clk 0:33:00]} 26. Kf1 {[%clk 0:10:25]} Rb2 {[%clk
0:33:00]} 27. b4 {[%clk 0:10:35]} Ra2 {[%clk 0:32:00]} 28. bxa5 {[%clk 0:09:40]}
Rxa4 {[%clk 0:32:00]} 29. Rc1 {[%clk 0:09:12]} Rxa5 {[%clk 0:29:00]} 30. c4
{[%clk 0:09:14]} Ra4 {[%clk 0:29:00]} 31. cxd5 {[%clk 0:06:50]} cxd5 {[%clk
0:29:00]} 32. Rxc7 {[%clk 0:06:30]} Rxd4 {[%clk 0:29:00]} 33. Bc3 {[%clk
0:05:15]} Rc4 {[%clk 0:26:00]} 34. Rxg7+ {[%clk 0:04:16]} Kf8 {[%clk 0:26:00]}
35. Rd7 {[%clk 0:03:39]} Ne4 {[%clk 0:19:35]} 36. Be1 {[%clk 0:03:06]} Nf6 {[%clk
0:19:32]} 37. Rb7 {[%clk 0:02:48]} Rc2 {[%clk 0:18:38]} 38. Rb3 {[%clk 0:02:04]}
Ke7 {[%clk 0:18:09]} 39. f3 {[%clk 0:01:50]} Ke6 {[%clk 0:16:09]} 40. Bh4 {[%clk
0:01:18]} Nh5 {[%clk 0:13:44]} 41. Bg5 {[%clk 0:01:02]} Kf5 {[%clk 0:13:17]} 42.
Be3 {[%clk 0:01:17]} Nf4 {[%clk 0:10:20]} 43. Bxf4 {[%clk 0:01:13]} Kxf4 {[%clk
0:10:44]} 44. Rd3 {[%clk 0:00:49]} Ke5 {[%clk 0:08:44]} 45. Re3+ {[%clk 0:00:49]}
Kf4 {[%clk 0:08:28]} 46. Re2 {[%clk 0:01:14]} Rc1+ {[%clk 0:07:25]} 47. Kf2
{[%clk 0:01:43]} h5 {[%clk 0:07:15]} 48. g3+ {[%clk 0:01:47]} Kf5 {[%clk
0:07:28]} 49. Re1 {[%clk 0:01:44]} Rc2+ {[%clk 0:07:00]} 50. Re2 {[%clk 0:02:13]}
Rc1 {[%clk 0:05:54]} 51. f4 {[%clk 0:02:19]} Rc5 {[%clk 0:05:22]} 52. h3 {[%clk
0:01:56]} d4 {[%clk 0:05:11]} 53. Re5+ {[%clk 0:00:37]} Rxe5 {[%clk 0:03:30]} 54.
fxe5 {[%clk 0:01:06]} Kxe5 {[%clk 0:03:46]} 55. g4 {[%clk 0:01:06]} 1/2-1/2

[Event "Campeonato España Sub 14"]
[Site "Salobreña"]
[Date "2017.07.22"]
[Round "9"]
[White "Bertomeu Ginestar, Antoni"]
[Black "Pedchenko, Alex"]
[Result "1-0"]
[Board "25"]
[WhiteClock "1:30"]
[WhiteElo "1660"]
[WhiteCountry "ESP"]
[WhiteFideId "24528277"]
[WhiteEloChange "12"]
[BlackClock "1:30"]
[BlackElo "1746"]
[BlackCountry "ESP"]
[BlackFideId "24522732"]
[BlackEloChange "-12"]

1. e4 {[%clk 1:30:00]} g6 {[%clk 1:30:00]} 2. d4 {[%clk 1:31:00]} Bg7 {[%clk
1:31:00]} 3. Nc3 {[%clk 1:31:00]} d6 {[%clk 1:31:00]} 4. f4 {[%clk 1:31:00]} Nf6
{[%clk 1:31:00]} 5. Nf3 {[%clk 1:31:00]} c6 {[%clk 1:27:00]} 6. Bd3 {[%clk
1:28:00]} O-O {[%clk 1:26:00]} 7. O-O {[%clk 1:29:00]} Bg4 {[%clk 1:21:00]} 8.
Be3 {[%clk 1:19:00]} b5 {[%clk 1:17:00]} 9. h3 {[%clk 1:14:00]} Bc8 {[%clk
1:11:00]} 10. Qe1 {[%clk 1:06:00]} b4 {[%clk 1:08:00]} 11. Ne2 {[%clk 1:05:00]}
a5 {[%clk 1:07:00]} 12. Qh4 {[%clk 1:05:00]} Ba6 {[%clk 1:05:00]} 13. f5 {[%clk
1:03:00]} Bxd3 {[%clk 0:57:00]} 14. cxd3 {[%clk 1:03:00]} c5 {[%clk 0:57:00]} 15.
Bh6 {[%clk 1:00:00]} cxd4 {[%clk 0:56:00]} 16. Ng5 {[%clk 1:00:00]} Nbd7 {[%clk
0:55:00]} 17. Nf4 {[%clk 0:51:00]} Nc5 {[%clk 0:28:00]} 18. g4 {[%clk 0:27:00]}
Qd7 {[%clk 0:22:00]} 19. Nd5 {[%clk 0:21:00]} e6 {[%clk 0:18:36]} 20. Bxg7 {[%clk
0:19:38]} Kxg7 {[%clk 0:17:46]} 21. Nxf6 {[%clk 0:19:48]} Qa7 {[%clk 0:17:48]}
22. Qxh7+ {[%clk 0:20:00]} Kxf6 {[%clk 0:18:12]} 23. fxg6+ {[%clk 0:20:00]} Kxg5
{[%clk 0:18:12]} 24. Qh5# {[%clk 0:20:00]} 1-0